<?xml version="1.0" encoding="UTF-8"?>
<record
    xmlns:xsi="http://www.w3.org/2001/XMLSchema-instance"
    xsi:schemaLocation="http://www.loc.gov/MARC21/slim http://www.loc.gov/standards/marcxml/schema/MARC21slim.xsd"
    xmlns="http://www.loc.gov/MARC21/slim">

  <leader>01350nam a2200349uu 4500</leader>
  <controlfield tag="001">1006783</controlfield>
  <controlfield tag="005">20260507074405.0</controlfield>
  <controlfield tag="008">061127e19901127                    spa  </controlfield>
  <datafield tag="035" ind1=" " ind2=" ">
    <subfield code="a">1006783</subfield>
  </datafield>
  <datafield tag="035" ind1=" " ind2=" ">
    <subfield code="a">(OCoLC)777587498</subfield>
  </datafield>
  <datafield tag="040" ind1=" " ind2=" ">
    <subfield code="c">comduadb</subfield>
  </datafield>
  <datafield tag="041" ind1=" " ind2=" ">
    <subfield code="a">spa</subfield>
  </datafield>
  <datafield tag="080" ind1=" " ind2=" ">
    <subfield code="a">Au</subfield>
  </datafield>
  <datafield tag="100" ind1="1" ind2="0">
    <subfield code="a">Restrepo Toro, Hernando</subfield>
    <subfield code="4">res</subfield>
    <subfield code="e">res</subfield>
    <subfield code="9">263819</subfield>
  </datafield>
  <datafield tag="245" ind1="1" ind2="0">
    <subfield code="a">Programa de historias locales en regiones P.N.R. : proyecto Urab&#xE1;</subfield>
  </datafield>
  <datafield tag="260" ind1=" " ind2=" ">
    <subfield code="a">Medell&#xED;n :</subfield>
    <subfield code="b">Universidad Nacional de Colombia. Facultad de Derecho, Ciencias Pol&#xED;ticas y Sociales,</subfield>
    <subfield code="c">1990.</subfield>
  </datafield>
  <datafield tag="300" ind1=" " ind2=" ">
    <subfield code="a">2 vol&#xFA;menes</subfield>
  </datafield>
  <datafield tag="505" ind1=" " ind2=" ">
    <subfield code="a">Vol. 1: Primera parte: Subregi&#xF3;n Norte Urab&#xE1; Antioque&#xF1;o. -- Vol. 2: Segunda parte: Subregi&#xF3;n Centro Urab&#xE1; antioque&#xF1;o.</subfield>
  </datafield>
  <datafield tag="650" ind1=" " ind2=" ">
    <subfield code="a">Proyectos de desarrollo</subfield>
    <subfield code="9">175535</subfield>
  </datafield>
  <datafield tag="650" ind1=" " ind2=" ">
    <subfield code="a">Desarrollo regional - Uraba (Antioquia)</subfield>
    <subfield code="9">63562</subfield>
  </datafield>
  <datafield tag="650" ind1=" " ind2=" ">
    <subfield code="a">Necocl&#xED; (Antioquia)</subfield>
    <subfield code="9">28538</subfield>
  </datafield>
  <datafield tag="650" ind1=" " ind2=" ">
    <subfield code="a">San Pedro de Uraba (Antioquia)</subfield>
    <subfield code="9">62878</subfield>
  </datafield>
  <datafield tag="650" ind1=" " ind2=" ">
    <subfield code="a">Turbo (Antioquia)</subfield>
  </datafield>
  <datafield tag="650" ind1=" " ind2=" ">
    <subfield code="a">Carepa (Antioquia)</subfield>
    <subfield code="9">39676</subfield>
  </datafield>
  <datafield tag="650" ind1=" " ind2=" ">
    <subfield code="a">Chigorod&#xF3; (Antioquia)</subfield>
    <subfield code="9">19640</subfield>
  </datafield>
  <datafield tag="650" ind1=" " ind2=" ">
    <subfield code="a">San Juan de Urab&#xE1; (Antioquia, Colombia)</subfield>
    <subfield code="9">158333</subfield>
  </datafield>
  <datafield tag="651" ind1=" " ind2="4">
    <subfield code="a">Apartad&#xF3; (Antioquia)</subfield>
    <subfield code="9">853600</subfield>
  </datafield>
  <datafield tag="651" ind1=" " ind2="7">
    <subfield code="a">Arboletes (Antioquia, Colombia)</subfield>
    <subfield code="2"></subfield>
    <subfield code="9">15561</subfield>
  </datafield>
  <datafield tag="700" ind1="1" ind2="0">
    <subfield code="a">Luna Rivillas, Gloria</subfield>
    <subfield code="4">res</subfield>
    <subfield code="e">res</subfield>
    <subfield code="9">424472</subfield>
  </datafield>
  <datafield tag="700" ind1="1" ind2="0">
    <subfield code="a">Avenda&#xF1;o Vasquez, Claudia</subfield>
    <subfield code="4">res</subfield>
    <subfield code="e">res</subfield>
    <subfield code="9">543964</subfield>
  </datafield>
  <datafield tag="942" ind1=" " ind2=" ">
    <subfield code="c">BOOK</subfield>
  </datafield>
  <datafield tag="999" ind1=" " ind2=" ">
    <subfield code="c">407061</subfield>
    <subfield code="d">407061</subfield>
  </datafield>
  <datafield tag="952" ind1=" " ind2=" ">
    <subfield code="0">0</subfield>
    <subfield code="1">0</subfield>
    <subfield code="2">FAC</subfield>
    <subfield code="4">0</subfield>
    <subfield code="7">0</subfield>
    <subfield code="8">GENERAL</subfield>
    <subfield code="a">INER</subfield>
    <subfield code="b">INER</subfield>
    <subfield code="d">2006-11-27</subfield>
    <subfield code="i">C932584</subfield>
    <subfield code="l">0</subfield>
    <subfield code="o">Au/0012 v1</subfield>
    <subfield code="p">0637739</subfield>
    <subfield code="r">2023-04-27 00:00:00</subfield>
    <subfield code="t">1</subfield>
    <subfield code="w">2023-04-27</subfield>
    <subfield code="y">BOOK</subfield>
  </datafield>
  <datafield tag="952" ind1=" " ind2=" ">
    <subfield code="0">0</subfield>
    <subfield code="1">0</subfield>
    <subfield code="2">FAC</subfield>
    <subfield code="4">0</subfield>
    <subfield code="7">0</subfield>
    <subfield code="8">GENERAL</subfield>
    <subfield code="a">INER</subfield>
    <subfield code="b">INER</subfield>
    <subfield code="d">2006-11-27</subfield>
    <subfield code="i">C932585</subfield>
    <subfield code="l">0</subfield>
    <subfield code="o">Au/0012 v2</subfield>
    <subfield code="p">0637740</subfield>
    <subfield code="r">2023-04-27 00:00:00</subfield>
    <subfield code="t">2</subfield>
    <subfield code="w">2023-04-27</subfield>
    <subfield code="y">BOOK</subfield>
  </datafield>
</record>
